书目信息 |
| 题名: |
微型计算机原理及应用
|
|
| 作者: | 黄道君 | |
| 分册: | ||
| 出版信息: | 北京 高等教育出版社 2004.03 |
|
| 页数: | 482页 | |
| 开本: | 26cm | |
| 丛书名: | ||
| 单 册: | ||
| 中图分类: | TP36 | |
| 科图分类: | ||
| 主题词: | 微型计算机 | |
| 电子资源: | ||
| ISBN: | 7-04-014146-9 | |
| 000 | 00595nam0 2200205 450 | |
| 001 | 0533251726 | |
| 005 | 20050330091657.71 | |
| 010 | @a7-04-014146-9@dCNY 35.00 | |
| 100 | @a20050330d2004 km y0chiy0120 ea | |
| 101 | 0 | @achi |
| 102 | @aCN@b110000 | |
| 200 | 1 | @a微型计算机原理及应用@Awei xing ji suan ji yuan li ji ying yong@f黄道君等@Fhuang dao jun deng |
| 210 | @a北京@c高等教育出版社@d2004.03 | |
| 215 | @a482页@d26cm | |
| 300 | @a新世纪网络课程教材 | |
| 606 | 0 | @a微型计算机 |
| 690 | @aTP36@v3 | |
| 701 | 0 | @a黄道君@Ahuang dao jun |
| 801 | 0 | @aCN@bPFT@c20050330 |
| 905 | @a10447@dTP36@eH820 | |
| 微型计算机原理及应用/黄道君等.-北京:高等教育出版社,2004.03 |
| 482页;26cm |
| 新世纪网络课程教材 |
| ISBN 7-04-014146-9:CNY 35.00 |
| ● |
| 相关链接 |
|
|
|
正题名:微型计算机原理及应用
索取号:TP36/H820
 
预约/预借
| 序号 | 登录号 | 条形码 | 馆藏地/架位号 | 状态 | 备注 |
| 1 | 440181 | 204401815 | 自科库301/301自科库 91排2列5层/ [索取号:TP36/H820] | 在馆 | |
| 2 | 440182 | 204401824 | 自科库301/301自科库 91排2列5层/ [索取号:TP36/H820] | 在馆 | |
| 3 | 440183 | 204401833 | 自科库301/301自科库 85排2列1层/ [索取号:TP36/H820] | 在馆 |